Statistics for Cleveland Browns: Most Passing TDs Each Year

Click here to take the quiz!

General Stats

  • This quiz has been taken 320 times
    (159 since last reset)
  • The average score is 34 of 74

Answer Stats

YearPlayerTDs% Correct
2021Baker Mayfield17
98%
2020Baker Mayfield26
98%
2019Baker Mayfield22
98%
2018Baker Mayfield27
98%
2022Jacoby Brissett12
84%
1955Otto Graham15
80%
1947Otto Graham25
80%
1946Otto Graham17
80%
1954Otto Graham11
80%
1952Otto Graham20
80%
1948Otto Graham25
80%
1949Otto Graham19
80%
1950Otto Graham14
80%
1951Otto Graham17
80%
1953Otto Graham11
80%
2017DeShone Kizer11
68%
1999Tim Couch15
65%
2000Tim Couch7
65%
2002Tim Couch18
65%
2001Tim Couch17
65%
1992Bernie Kosar8
62%
1991Bernie Kosar18
62%
1990Bernie Kosar10
62%
1989Bernie Kosar18
62%
1988Bernie Kosar10
62%
1986Bernie Kosar17
62%
1987Bernie Kosar22
62%
1985Bernie Kosar / Gary Danielson8
62%
1983Brian Sipe26
54%
1976Brian Sipe17
54%
1977Brian Sipe9
54%
1978Brian Sipe21
54%
1979Brian Sipe28
54%
1980Brian Sipe30
54%
1981Brian Sipe17
54%
2016Cody Kessler / Josh McCown6
53%
2008Derek Anderson9
52%
2007Derek Anderson29
52%
2015Josh McCown12
52%
2012Brandon Weeden14
49%
2011Colt McCoy14
45%
2010Colt McCoy6
45%
2009Brady Quinn8
43%
2014Brian Hoyer12
42%
1994Vinny Testaverde16
39%
1995Vinny Testaverde17
39%
1993Vinny Testaverde14
39%
2004Jeff Garcia10
32%
2013Jason Campbell11
28%
2006Charlie Frye10
26%
2005Trent Dilfer11
24%
2003Kelly Holcomb10
22%
1982Paul McDonald5
16%
1984Paul McDonald14
16%
1960Milt Plum21
15%
1958Milt Plum11
15%
1961Milt Plum18
15%
1959Milt Plum14
15%
1964Frank Ryan19
13%
1962Frank Ryan10
13%
1963Frank Ryan25
13%
1965Frank Ryan18
13%
1966Frank Ryan29
13%
1967Frank Ryan20
13%
1974Mike Phipps9
13%
1972Mike Phipps13
13%
1975Mike Phipps4
13%
1973Mike Phipps9
13%
1968Bill Nelsen19
9%
1969Bill Nelsen23
9%
1970Bill Nelsen16
9%
1971Bill Nelsen13
9%
1957Tommy O'Connell9
5%
1956Tommy O'Connell4
5%

Score Distribution

Percentile by Number Answered

Percent of People with Each Score

Your Score History

You have not taken this quiz since the last reset